Hybridné hrozby v digitálnom veku: Analýza a stratégie

Cieľom tohto článku je analyzovať komplexné prostredie hybridných hrozieb v digitálnom veku, so zameraním na ich špecifiká, dopady a stratégie zmierňovania. Skúmame, ako sa hybridné taktiky vyvíjajú, aké sú ich hlavné ciele a ako môžu štáty a organizácie efektívne reagovať na tieto výzvy. Tento člán...

Celý popis

Uložené v:
Podrobná bibliografia
Hlavný autor: Vráb, František, 1975-
Médium: Kapitola
Jazyk:Slovak
Predmet:
Tagy: Pridať tag
Žiadne tagy, Buďte prvý, kto otaguje tento záznam!

MARC

LEADER 00000naa a2200000 4500
001 0314579
005 20260128091808.7
041 0 |a slo 
044 |a SK 
245 1 0 |a Hybridné hrozby v digitálnom veku: Analýza a stratégie  |c František Vráb 
520 |a Cieľom tohto článku je analyzovať komplexné prostredie hybridných hrozieb v digitálnom veku, so zameraním na ich špecifiká, dopady a stratégie zmierňovania. Skúmame, ako sa hybridné taktiky vyvíjajú, aké sú ich hlavné ciele a ako môžu štáty a organizácie efektívne reagovať na tieto výzvy. Tento článok prináša nový pohľad na problematiku hybridných hrozieb a ponúka komplexnú analýzu, čím prispieva k lepšiemu pochopeniu tohto komplexného fenoménu a jeho dôsledkov pre spoločnosť. 
610 2 0 |a hrozby hybridné 
610 2 0 |a analýza kvalitatívna 
610 2 0 |a dokumenty 
610 2 0 |a analýza kvantitatívna 
610 2 0 |a útoky kybernetické 
610 2 0 |a dezinformácie 
100 1 |a Vráb, František, 1975-